banner koha

Pressurização da calda de pulverização na viabilidade de microrganismos entomopatogênicos (Registro n. 234267)

MARC details
000 -LÍDER
campo de controle de tamanho fixo 00982nas a2200313 4500
001 - NÚMERO DE CONTROLE
campo de controle BR2013010754
003 - IDENTIFICADOR DO NÚMERO DE CONTROLE
campo de controle BR-BrBNA
005 - DATA E HORÁRIO DA ÚLTIMA TRANSAÇÃO
campo de controle 20231205123516.0
007 - CAMPO FIXO DE DESCRIÇÃO FÍSICA--INFORMAÇÃO GERAL
campo de controle de tamanho fixo ta
008 - CAMPO DE DADOS FIXOS--INFORMAÇÃO GERAL
campo de controle de tamanho fixo 230509b bl.|||p| |||| 00| 00por d
040 ## - FONTE DA CATALOGAÇÃO
Instituição da catalogação original BR-BrBNA
Idioma da catalogação por
Instituição que transcreveu o registro Biblioteca Nacional de Agricultura
041 ## - CÓDIGO DE IDIOMA
Código do idioma do texto/trilha sonora ou título diferente (Pt)
072 ## - CÓDIGO DE CATEGORIA DE ASSUNTO
Código de Categoria de Assunto N20; H20
100 1# - ENTRADA PRINCIPAL--NOME PESSOAL
Nome pessoal Garcia, L.C.
100 1# - ENTRADA PRINCIPAL--NOME PESSOAL
Nome pessoal Raetano, C.G.
100 1# - ENTRADA PRINCIPAL--NOME PESSOAL
Nome pessoal Wilcken, S.R.S.
100 1# - ENTRADA PRINCIPAL--NOME PESSOAL
Nome pessoal Ramos, H.H.
100 1# - ENTRADA PRINCIPAL--NOME PESSOAL
Nome pessoal Leite, L.G.
100 1# - ENTRADA PRINCIPAL--NOME PESSOAL
Nome pessoal Moscardi, F.
245 1# - TÍTULO
Título Pressurização da calda de pulverização na viabilidade de microrganismos entomopatogênicos
650 ## - ASSUNTO--TERMO TÓPICO
Cabeçalho tópico ou nome geográfico CONTROLE BIOLÓGICO
650 ## - ASSUNTO--TERMO TÓPICO
Cabeçalho tópico ou nome geográfico EQUIPAMENTO AGRÍCOLA
650 ## - ASSUNTO--TERMO TÓPICO
Cabeçalho tópico ou nome geográfico FUNGO
650 ## - ASSUNTO--TERMO TÓPICO
Cabeçalho tópico ou nome geográfico BACTÉRIA PATOGÊNICA
773 0# - ENTRADA ANALÍTICA
Título Engenharia Agrícola (Brazil)
ISSN - International Standard Serial Number ISSN 0100-6916
Partes relacionadas (Sep-Dec 2005), v. 25(3) p. 783-790
Número de controle do registro BR2013010754
856 40 - LOCALIZAÇÃO ELETRÔNICA E ACESSO
Uniform Resource Identifier <a href="http://www.scielo.br/pdf/eagri/v25n3/28075.pdf">http://www.scielo.br/pdf/eagri/v25n3/28075.pdf</a>
909 ## -
-- 202311
-- Lúcia
-- 55
-- Lúcia Elande
942 ## - ELEMENTOS DE ENTRADA ADICIONADOS (KOHA)
Fonte da classificação ou esquema de arquivamento na estante Classificação AGRIS
Ocultar no OPAC Não
Tipo de material Koha Analítica
Exemplares
Situação do descarte Fonte da classificação ou esquema de arquivamento na estante Situação física Não pode ser emprestado Biblioteca de origem Biblioteca atual Localização na estante Enumeração do periódico / cronologia Total de empréstimos Data de último acesso Número do exemplar Tipo de material Koha Fonte de aquisição
  Classificação AGRIS   Consulta local Biblioteca Nacional de Agricultura - Binagri Biblioteca Nacional de Agricultura - Binagri   (Sep-Dec 2005), v. 25(3) p. 783-790   29/11/2023 01 Periódicos Portaria Interministerial nº 164/94

BINAGRI

Telefone: (61)3218-2567/2388/3357/2097 - binagri@agro.gov.br

Ministério da Agricultura e Pecuária , Esplanada dos Ministérios, Bloco D, Anexo B, Brasília/DF, CEP: 70.043-900